书目信息 |
| 题名: |
网络新闻采写
|
|
| 作者: | 徐明华 主编 | |
| 分册: | ||
| 出版信息: | 武汉 华中科技大学出版社 2013.9 |
|
| 页数: | 230页 | |
| 开本: | 24cm | |
| 丛书名: | ||
| 单 册: | ||
| 中图分类: | G210.7 | |
| 科图分类: | ||
| 主题词: | 互联网络--hu lian wang luo--应用--新闻采访 , 互联网络--hu lian wang luo--应用--新闻写作 | |
| 电子资源: | ||
| ISBN: | 978-7-5609-9412-3 | |
| 000 | 00923nam 2200265 450 | |
| 001 | 0100004176 | |
| 005 | 20140508123939.3 | |
| 010 | @a978-7-5609-9412-3@dCNY28.00 | |
| 100 | @a20130318d2013 em y0chiy0121 ea | |
| 101 | 0 | @achi |
| 102 | @aCN@b420000 | |
| 105 | @aak z 000yy | |
| 106 | @ar | |
| 200 | 1 | @a网络新闻采写@Awang luo xin wen cai xie@d= Netnews reporting and writing@f徐明华主编@zeng |
| 210 | @a武汉@c华中科技大学出版社@d2013.9 | |
| 215 | @a230页@c图@d24cm | |
| 314 | @a徐明华, 女, 华中科技大学新闻与信息传播学院教师、硕士生导师。 | |
| 330 | @a本书主要内容包括: 网络媒体发展概况、新闻标题、新闻主体等。 | |
| 510 | 1 | @aNetnews reporting and writing@zeng |
| 606 | 0 | @a互联网络@Ahu lian wang luo@x应用@x新闻采访 |
| 606 | 0 | @a互联网络@Ahu lian wang luo@x应用@x新闻写作 |
| 690 | @aG210.7@v5 | |
| 701 | 0 | @a徐明华@Axu ming hua@4主编 |
| 801 | 0 | @aCN@c20160515 |
| 905 | @a河南城建学院图书馆@dG210.7@eX762 | |
| 网络新闻采写= Netnews reporting and writing/徐明华主编.-武汉:华中科技大学出版社,2013.9 |
| 230页:图;24cm |
| ISBN 978-7-5609-9412-3:CNY28.00 |
| 本书主要内容包括: 网络媒体发展概况、新闻标题、新闻主体等。 |
| ● |
| 相关链接 |
|
|
|
正题名:网络新闻采写
索取号:G210.7/X762
 
预约/预借
| 序号 | 登录号 | 条形码 | 馆藏地/架位号 | 状态 | 备注 |
| 1 | 1251956 | 212519568 | 社科库409/409社科库 57排4列4层/ [索取号:G210.7/X762] | 在馆 | |
| 2 | 1251957 | 212519577 | 社科库409/409社科库 57排4列4层/ [索取号:G210.7/X762] | 在馆 | |
| 3 | 1251958 | 212519586 | 社科库409/409社科库 57排4列4层/ [索取号:G210.7/X762] | 在馆 |